<?xml version="1.0" encoding="UTF-8"?>
<record
    xmlns:xsi="http://www.w3.org/2001/XMLSchema-instance"
    xsi:schemaLocation="http://www.loc.gov/MARC21/slim http://www.loc.gov/standards/marcxml/schema/MARC21slim.xsd"
    xmlns="http://www.loc.gov/MARC21/slim">

  <leader>01372cam a2200265 a 4500</leader>
  <datafield tag="020" ind1=" " ind2=" ">
    <subfield code="a">285654150X (v. 169)</subfield>
  </datafield>
  <datafield tag="040" ind1=" " ind2=" ">
    <subfield code="c">DLC</subfield>
  </datafield>
  <datafield tag="082" ind1="0" ind2="0">
    <subfield code="a">581 IME 2001 A062 Or.</subfield>
  </datafield>
  <datafield tag="245" ind1="0" ind2="0">
    <subfield code="a">Flore de Madagascar et des Comores :</subfield>
    <subfield code="b">plantes vasculaires /</subfield>
  </datafield>
  <datafield tag="260" ind1=" " ind2=" ">
    <subfield code="a">Tananarive :</subfield>
    <subfield code="b">Impr. officielle,</subfield>
    <subfield code="c">1936-&lt;2001   &gt;</subfield>
  </datafield>
  <datafield tag="300" ind1=" " ind2=" ">
    <subfield code="a">&lt;v. 1-11; 13; 17-18; 21-27; 29; 31; 33-36; 38-44; 49; 52-56; 58; 60-61; 65-69; 72-76; 78-81; 83-89; 93; 97; 101-105; 108-110; 111, pt. 1; 112-119; 121; 123 bis.; 124; 127; 129-140; 142-144; 146-155; 158; 161-167; 169; 171; 174; 179-181; 182, pt. 1; 185-189; in 80   &gt; :</subfield>
    <subfield code="b">ill. (some col.) ;</subfield>
    <subfield code="c">26 cm.</subfield>
  </datafield>
  <datafield tag="500" ind1=" " ind2=" ">
    <subfield code="a">Cover title.</subfield>
  </datafield>
  <datafield tag="500" ind1=" " ind2=" ">
    <subfield code="a">Vols. &lt;23, 29, 40, 49   &gt; have title: Flore de Madagascar.</subfield>
  </datafield>
  <datafield tag="500" ind1=" " ind2=" ">
    <subfield code="a">Vols. &lt;13, 17-18, 31, 61, 84-87, 144, 162-164, 167, 169, 179-180, 187-188   &gt; issued under the editorial direction of Jean-Fran&#xE7;ois Leroy.</subfield>
  </datafield>
  <datafield tag="500" ind1=" " ind2=" ">
    <subfield code="a">Vols. published in the period &lt;1950   &gt;-1962 have imprint: Paris : Typ. Firmin-Didot.</subfield>
  </datafield>
  <datafield tag="500" ind1=" " ind2=" ">
    <subfield code="a">Vols. published in the period 1963-&lt;1984   &gt; have imprint: Paris : Mus&#xE9;um national d'histoire naturelle, Laboratoire de phan&#xE9;rogamie.</subfield>
  </datafield>
  <datafield tag="650" ind1=" " ind2="0">
    <subfield code="a">Plants</subfield>
  </datafield>
  <datafield tag="650" ind1=" " ind2="0">
    <subfield code="a">Plants</subfield>
  </datafield>
  <datafield tag="650" ind1=" " ind2="0">
    <subfield code="a">Plants</subfield>
  </datafield>
  <datafield tag="650" ind1=" " ind2="0">
    <subfield code="a">Plants</subfield>
  </datafield>
  <datafield tag="700" ind1="1" ind2=" ">
    <subfield code="a">Humbert, H.</subfield>
  </datafield>
  <datafield tag="700" ind1="1" ind2=" ">
    <subfield code="a">Leroy, Jean-F.</subfield>
  </datafield>
  <datafield tag="710" ind1="2" ind2=" ">
    <subfield code="a">Laboratoire de phan&#xE9;rogamie (Mus&#xE9;um national d'histoire naturelle)</subfield>
  </datafield>
  <datafield tag="942" ind1=" " ind2=" ">
    <subfield code="c">EK</subfield>
  </datafield>
  <datafield tag="999" ind1=" " ind2=" ">
    <subfield code="c">15602</subfield>
    <subfield code="d">15602</subfield>
  </datafield>
  <datafield tag="952" ind1=" " ind2=" ">
    <subfield code="0">0</subfield>
    <subfield code="1">0</subfield>
    <subfield code="4">0</subfield>
    <subfield code="6">581_000000000000000_IME_2001_A062_OR</subfield>
    <subfield code="7">0</subfield>
    <subfield code="9">69128</subfield>
    <subfield code="a">LBA</subfield>
    <subfield code="b">LBA</subfield>
    <subfield code="c">A062</subfield>
    <subfield code="d">2017-12-04</subfield>
    <subfield code="o">581 IME 2001 A062 Or.</subfield>
    <subfield code="p">A13891</subfield>
    <subfield code="r">2017-12-04</subfield>
    <subfield code="w">2017-12-04</subfield>
    <subfield code="y">EK</subfield>
  </datafield>
</record>
